Normal view MARC view
  • MAHESHWARI, J AND MHASKAR, VIKRAM

Entry Personal Name

Number of records used in: 1

001 - CONTROL NUMBER

  • control field: 8112

003 - CONTROL NUMBER IDENTIFIER

  • control field: JRU

005 - DATE AND TIME OF LATEST TRANSACTION

  • control field: 20230821111049.0

008 - FIXED-LENGTH DATA ELEMENTS

  • fixed length control field: 230821|| aca||aabn | a|a d

040 ## - CATALOGING SOURCE

  • Original cataloging agency: JRU
  • Transcribing agency: JRU

100 ## - HEADING--PERSONAL NAME

  • Personal name: MAHESHWARI, J AND MHASKAR, VIKRAM

670 ## - SOURCE DATA FOUND

  • Source citation: Work cat.: (JRU)8388: MAHESHWARI, J AND MHASKAR, VIKRAM, ESSENTIAL ORTHOPAEDICS: INCLUDING CLINICAL METHODS BASED ON EDUCATION CURRICULUM OF NMC, 2022